000 00740nmm a2200289 a 4500
003 AR-BaBNM
005 20251128202926.0
008 266019s1960 ||||||||||||||000 | spa||
040 _cAR-BaBNM
100 1 _aLarra, Raúl
245 1 0 _aJorge Newbery
_bel conquistador del espacio
260 _aBuenos Aires
_bFuturo
_c1960
300 0 _a196 p.
_bil.
600 1 4 _aFels, Teodoro
600 1 4 _aAnchorena, Aaron de
610 2 4 _aAero Club Argentino
610 2 4 _aEscuela de Aviación Militar
650 4 _aBIOGRAFIAS
650 4 _aHISTORIA
650 4 _aDEPORTE
650 4 _aHISTORIA DEL DEPORTE
650 4 _aHISTORIA DE LA FUERZA AEREA
651 4 _aArgentina
655 _aBIOGRAFIAS
942 _cBK
998 _cEnrique
999 _c1187
_d1187